Concepts of modern physics

Guardat en:
Dades bibliogràfiques
Autor principal: Beiser, Arthur
Format: Llibre
Idioma:Undetermined
Publicat: New York McGraw- Hill 1981
Matèries:
Etiquetes: Afegir etiqueta
Sense etiquetes, Sigues el primer a etiquetar aquest registre!
Thư viện lưu trữ: Trung tâm Học liệu Trường Đại học Cần Thơ
LEADER 00458nam a2200181Ia 4500
001 CTU_81577
008 210402s9999 xx 000 0 und d
082 |a 530 
082 |b B423 
100 |a Beiser, Arthur 
245 0 |a Concepts of modern physics 
245 0 |c Arthur Beiser 
260 |a New York 
260 |b McGraw- Hill 
260 |c 1981 
650 |a Physics 
904 |i Trọng Hải 
980 |a Trung tâm Học liệu Trường Đại học Cần Thơ